Welcome to CU Library Online Public Access Catalogue (OPAC)

THE CONCEPT OF INCOME (Record no. 5245)

MARC details
000 -LEADER
fixed length control field 00396nam a22001577a 4500
005 - DATE AND TIME OF LATEST TRANSACTION
control field 20250327103417.0
008 - FIXED-LENGTH DATA ELEMENTS--GENERAL INFORMATION
fixed length control field 250327b |||||||| |||| 00| 0 eng d
020 ## - INTERNATIONAL STANDARD BOOK NUMBER
International Standard Book Number 9076078378
050 ## - LIBRARY OF CONGRESS CALL NUMBER
Classification number HB 522.H64 HOL
100 ## - MAIN ENTRY--PERSONAL NAME
Personal name HOLMES KEVIN
245 ## - TITLE STATEMENT
Title THE CONCEPT OF INCOME
260 ## - PUBLICATION, DISTRIBUTION, ETC.
Place of publication, distribution, etc. AMSTERDAM
Name of publisher, distributor, etc. IBFD PULICATIONS
Date of publication, distribution, etc. 2001
300 ## - PHYSICAL DESCRIPTION
Extent XX,614p.,GRAPHS
500 ## - GENERAL NOTE
General note REFERENCES
942 ## - ADDED ENTRY ELEMENTS (KOHA)
Source of classification or shelving scheme Library of Congress Classification
Koha item type Books
Suppress in OPAC No
999 ## -
-- 5245
-- 5245
Holdings
Withdrawn status Lost status Source of classification or shelving scheme Damaged status Not for loan Home library Current library Date acquired Total checkouts Full call number Barcode Date last seen Copy number Price effective from Koha item type
    Library of Congress Classification     Graduate Library (Christ Temple) Graduate Library (Christ Temple) 03/27/2025   HB 522.H64 HOL gsct00000851 03/27/2025 1 03/27/2025 Books
© 2023-2024 Copyright: Central University Libraries. All Rights Reserved | Created by: Mahone Tech Office